Role of the Assam State Co-operative Marketing and Consumers Federation Ltd. (Statfed) in the co-operative movement in Assam (Record no. 19503)
[ view plain ]
| 000 -LEADER | |
|---|---|
| fixed length control field | 00692nam a2200169Ia 4500 |
| 082 ## - DEWEY DECIMAL CLASSIFICATION NUMBER | |
| Classification number | TD.0140 |
| 100 ## - MAIN ENTRY--AUTHOR NAME | |
| Personal name | Das, Rabindra Nath |
| 245 #0 - TITLE STATEMENT | |
| Title | Role of the Assam State Co-operative Marketing and Consumers Federation Ltd. (Statfed) in the co-operative movement in Assam |
| 260 ## - PUBLICATION, DISTRIBUTION, ETC. (IMPRINT) | |
| Year of publication | 1989 |
| Name of publisher | Gauhati University |
| 300 ## - PHYSICAL DESCRIPTION | |
| Number of Pages | 432p. + C D - 65 |
| 650 ## - SUBJECT ADDED ENTRY--TOPICAL TERM | |
| Topical Term | STATFED//ASSAM STATE COOPERATIVE MARKETING AND CONSUMERS FEDERATION (LTD) |
| 650 ## - SUBJECT ADDED ENTRY--TOPICAL TERM | |
| Topical Term | COOPERATION - ASSAM |
| 650 ## - SUBJECT ADDED ENTRY--TOPICAL TERM | |
| Topical Term | ASSAM STATE COOPERATIVE MARKETING AND CONSUMERS FEDERATION (LTD) |
| 650 ## - SUBJECT ADDED ENTRY--TOPICAL TERM | |
| Topical Term | CONSUMER COOPERATIVES///ASSAM STATE COOPERATIVE MARKETING AND CONSUMERS FEDERATION (LTD) |
| 710 ## - ADDED ENTRY--CORPORATE NAME | |
| Corporate name or jurisdiction name as entry element | Das, N.C. |
| 942 ## - ADDED ENTRY ELEMENTS (KOHA) | |
| Koha item type | Thesis |
| Source of classification or shelving scheme | Dewey Decimal Classification |
| Withdrawn status | Lost status | Damaged status | Not for loan | Home library | Current library | Date acquired | Bill Date | Full call number | Accession Number | Price effective from | Koha item type |
|---|---|---|---|---|---|---|---|---|---|---|---|
| NASSDOC Library | NASSDOC Library | 08/10/2004 | 2008-12-30 | TD.0140 | 30904 | 18/04/2019 | Thesis |
